Property returns on the increase (Record no. 73224)

MARC details
000 -LEADER
fixed length control field 01103cam a2200217 4500
001 - CONTROL NUMBER
control field WB3931-24
008 - FIXED-LENGTH DATA ELEMENTS--GENERAL INFORMATION
fixed length control field 030815n2003 000 0 eng u
035 ## - SYSTEM CONTROL NUMBER
System control number (Sirsi) u123277
245 ## - TITLE STATEMENT
Title Property returns on the increase
260 ## - PUBLICATION, DISTRIBUTION, ETC.
Date of publication, distribution, etc. 2003
490 ## - SERIES STATEMENT
Series statement Gerald Eve Press Release
Volume/sequential designation 4 August 2003 (1)
520 ## - SUMMARY, ETC.
Summary, etc. The latest Gerald Eve "Investment brief" reports that returns on investment in commercial property will rise from 6.5% at the beginning of 2003 to 7.9% over the first two quarters. The retail and industrial sectors are set to be the best performers for 2003 and 2004 respectively, while the office sector is expected to be the worst performer in the short term, but to bounce back in the medium term. Copies of the report can be downloaded from http://www.geraldeve.com. http://www.geraldeve.com/Asp/templateManager/render/sites/1/render.aspx?siteID=1&sID=2&dID=289
590 ## - LOCAL NOTE (RLIN)
Local note WB
650 ## - SUBJECT ADDED ENTRY--TOPICAL TERM
Topical term or geographic name entry element PROPERTY INVESTMENT
650 ## - SUBJECT ADDED ENTRY--TOPICAL TERM
Topical term or geographic name entry element COMMERCIAL SECTOR
650 ## - SUBJECT ADDED ENTRY--TOPICAL TERM
Topical term or geographic name entry element RETAIL SECTOR
650 ## - SUBJECT ADDED ENTRY--TOPICAL TERM
Topical term or geographic name entry element OFFICE SECTOR
650 ## - SUBJECT ADDED ENTRY--TOPICAL TERM
Topical term or geographic name entry element INDUSTRIAL SECTOR
690 ## - LOCAL SUBJECT ADDED ENTRY--TOPICAL TERM (OCLC, RLIN)
Topical term or geographic name as entry element INVESTMENT
942 ## - ADDED ENTRY ELEMENTS (KOHA)
Suppress in OPAC 0
Holdings
Withdrawn status Lost status Source of classification or shelving scheme Damaged status Not for loan Home library Current library Shelving location Date acquired Total Checkouts Full call number Barcode Date last seen Copy number Price effective from Koha item type
    Dewey Decimal Classification     London London News article 15/08/2003   WB3931-24 123277-1001 06/08/2019 1 06/08/2019 News article